La evaluación institucional como instrumento de autorregulación y búsqueda de la calidad en tres universidades estatales de Costa Rica /

En este artículo se realiza un análisis de la evaluación que se realiza un análisis de la evaluación que se realiza en tres universidades estatales, la Universidad de Costa Rica, la Universidad Nacional y la Universidad Estatal a Distancia. Se enfatiza en los mecanismos de evaluación con el objeto d...

Cijeli opis

Spremljeno u:
Bibliografski detalji
Glavni autor: López Avendaño, Olimpia
Daljnji autori: Hernández Rodríguez, María del Carmen
Format: Tekst
Teme:
Oznake: Dodaj oznaku
Bez oznaka, Budi prvi tko označuje ovaj zapis!

MARC

LEADER 00000 a a2200000 04500
001 46434
003
040
100 |a López Avendaño, Olimpia  
245 |a La evaluación institucional como instrumento de autorregulación y búsqueda de la calidad en tres universidades estatales de Costa Rica /  |c Olimpia López Avendaño, María del Carmen Hernández Rodríguez  
520 |a En este artículo se realiza un análisis de la evaluación que se realiza un análisis de la evaluación que se realiza en tres universidades estatales, la Universidad de Costa Rica, la Universidad Nacional y la Universidad Estatal a Distancia. Se enfatiza en los mecanismos de evaluación con el objeto de comparar los diversos modelos aplicados, la realización del proceso evaluativo así como las fortalezas y debilidades de los mismos.  
590 |a RRH/NOVIEMBRE2014  
650 |a 1. EDUCACION  
650 |a 2. UNIVERSIDAD  
650 |a 3. ESTADO  
650 |a 4. CALIDAD DE LA EDUCACION  
650 |a 5. TECNICAS DE EVALUACION  
650 |a 6. COSTA RICA  
700 |a Hernández Rodríguez, María del Carmen  
773 |g volumen24, número2 ( , 2000), páginas 21-43  
999 |c 32222  |d 32222